Bioquímica médica / (Record no. 111984)

MARC details
000 -LEADER
campo de control de longitud fija 00633nam a2200193 4500
001 - NÚMERO DE CONTROL
campo de control 111984
003 - IDENTIFICADOR DE NÚMERO DE CONTROL
campo de control ES-MaACL
005 - FECHA Y HORA DE LA ÚLTIMA TRANSACCIÓN
campo de control 20230906185409.0
007 - CAMPO FIJO DE DESCRIPCIÓN FÍSICA--INFORMACIÓN GENERAL
campo de control de longitud fija t|
008 - DATOS DE LONGITUD FIJA--INFORMACIÓN GENERAL
campo de control de longitud fija 061121s1986 mx r ||||1| spa d
100 1# - ENTRADA PRINCIPAL--NOMBRE DE PERSONA
Nombre de persona Newsholme, E. A.
9 (RLIN) 85505
245 10 - MENCIÓN DEL TÍTULO
Título Bioquímica médica /
Mención de responsabilidad, etc. E. A. Newsholme y A. R. Leech; versión en español dirigida por Emilio Herrera Castillón.
250 ## - MENCION DE EDICION
Mención de edición 1ª ed,.
260 ## - PUBLICACIÓN, DISTRIBUCIÓN, ETC.
Lugar de publicación, distribución, etc. México [etc.] :
Nombre del editor, distribuidor, etc. Nueva Ed. Interamericana,
Fecha de publicación, distribución, etc. 1986.
300 ## - DESCRIPCIÓN FÍSICA
Extensión XXVII, 803 p. ;
Dimensiones 25 cm.
700 1# - ENTRADA AGREGADA--NOMBRE PERSONAL
Nombre de persona Leech, A. R.
9 (RLIN) 71200
700 1# - ENTRADA AGREGADA--NOMBRE PERSONAL
Nombre de persona Herrera Castillón, Emilio.
9 (RLIN) 63215
852 ## - LOCALIZACIÓN
Ubicación ES-MaACL
Número de control de estantería L-12401
Sublocalización o colección R.115053
Holdings
Estatus retirado Estado de pérdida Estado de daño No para préstamo Biblioteca de origen Biblioteca actual Ubicación en estantería Fecha de adquisición Fuente de adquisición Total de préstamos Signatura topográfica completa Código de barras Visto por última vez Precio de reemplazo Tipo de ítem Koha
        Biblioteca del Ateneo de Madrid Biblioteca del Ateneo de Madrid Depósito 2 17/01/2008     L-12401 1116812 23/02/2023 23/02/2023 Libro impreso